000 00770nam a22002777a 4500
001 BR0002046
003 BR-BrBNA
005 20230928100649.0
007 ta
008 230509b bl.||||| |||| 00| 0 por d
040 _aBR-BrBNA
_bpor
_cBiblioteca Nacional de Agricultura
041 _a(Por)
072 _aP01; B50; C10
090 _ P01 BR0002046
100 1 _aCascino, F.
245 1 _aEducacao ambiental: principios; historia; formacao de professores
260 3 _aSao Paulo, SP (Brasil):
_bEditora Senac,
_c1999.
300 _a109 p.
500 _aBibliography p. 105-109
650 _aEducacao Ambiental
650 _aHistoria
650 _aMeio Ambiente
650 _aFormacao Profissional
909 _a202309
_bLucia
_c55
_dLucia Elande
942 _cBK
999 _c62247
_d62247